| 000 | 00811 a2200205 4500 | ||
|---|---|---|---|
| 003 | Nust | ||
| 005 | 20220803084607.0 | ||
| 010 | _a 81021915 | ||
| 020 | _a0471090379 | ||
| 040 | _cNust | ||
| 082 | 0 | 0 | _a004.77,SHE |
| 100 | 1 |
_aSherr, Sol. _996376 |
|
| 245 | 1 | 0 |
_aVideo and digital electronic displays : _ba user's guide / _cSol Sherr. |
| 260 |
_aNew York : _bWiley, _cc1982. |
||
| 300 |
_aix, 252 p. : _bill. ; _c24 cm. |
||
| 505 | _aElectronic Display Sys (Page-1), Human Factors Or Ergonomics (Page-28), Cathode Ray Tube Sys (Page-54), Flat Panel Displays (Page-116), Applications (Page-167), Applications: Computer Graphics (Page-208), Performance Evaluation (Page-231). | ||
| 650 | 0 |
_aInformation display systems. _976194 |
|
| 650 | 0 |
_aTelevision display systems. _996377 |
|
| 942 |
_2ddc _cBK _k004.77,SHE |
||
| 999 |
_c176440 _d176440 |
||